<?xml version="1.0" encoding="UTF-8"?>
<collection xmlns="http://www.loc.gov/MARC21/slim">
 <record>
  <leader>01780nam a2200337 a 4500</leader>
  <controlfield tag="001">1/52127</controlfield>
  <controlfield tag="008">210429s2010    gr            000 | gre d</controlfield>
  <datafield tag="020" ind1=" " ind2=" ">
   <subfield code="a">9789601421995</subfield>
  </datafield>
  <datafield tag="040" ind1=" " ind2=" ">
   <subfield code="a">GR-PeUP</subfield>
  </datafield>
  <datafield tag="082" ind1="0" ind2="0">
   <subfield code="a">303.625 ΛΥΓ</subfield>
  </datafield>
  <datafield tag="100" ind1="1" ind2=" ">
   <subfield code="a">Λυγερός, Σταύρος, </subfield>
   <subfield code="d">1953-</subfield>
  </datafield>
  <datafield tag="245" ind1="0" ind2="0">
   <subfield code="a">Σταυροφόροι χωρίς σταυρό : </subfield>
   <subfield code="b">ισλαμική τρομοκρατία, ΗΠΑ &amp; νεοοθωμανισμός / </subfield>
   <subfield code="c">Σταύρος Λυγερός.</subfield>
  </datafield>
  <datafield tag="260" ind1=" " ind2=" ">
   <subfield code="a">Αθήνα :</subfield>
   <subfield code="b">Εκδοτικός Οργανισμός Λιβάνη,</subfield>
   <subfield code="c">2010.</subfield>
  </datafield>
  <datafield tag="300" ind1=" " ind2=" ">
   <subfield code="a">303 σ. ; </subfield>
   <subfield code="c">20 εκ.</subfield>
  </datafield>
  <datafield tag="490" ind1="1" ind2=" ">
   <subfield code="a">Πολιτική ;</subfield>
  </datafield>
  <datafield tag="650" ind1=" " ind2="4">
   <subfield code="a">Πόλεμος κατά της τρομοκρατίας</subfield>
   <subfield code="y">2001-</subfield>
  </datafield>
  <datafield tag="650" ind1=" " ind2="4">
   <subfield code="a">Ισλάμ και πολιτική</subfield>
   <subfield code="x">Αραβικές χώρες.</subfield>
  </datafield>
  <datafield tag="650" ind1=" " ind2="4">
   <subfield code="a">Ισλάμ και πολιτική</subfield>
   <subfield code="z">Τουρκία.</subfield>
  </datafield>
  <datafield tag="650" ind1=" " ind2="0">
   <subfield code="a">War on Terrorism, 2001-</subfield>
  </datafield>
  <datafield tag="650" ind1=" " ind2="0">
   <subfield code="a">Islam and politics</subfield>
   <subfield code="x">Arab countries.</subfield>
  </datafield>
  <datafield tag="650" ind1=" " ind2="4">
   <subfield code="a">Islam and politics</subfield>
   <subfield code="z">Turkey.</subfield>
  </datafield>
  <datafield tag="651" ind1=" " ind2="0">
   <subfield code="a">Middle East</subfield>
   <subfield code="x">Diplomatic Relations</subfield>
   <subfield code="y">Turkey.</subfield>
  </datafield>
  <datafield tag="651" ind1=" " ind2="0">
   <subfield code="a">United States of America</subfield>
   <subfield code="x">Diplomatic Relations.</subfield>
   <subfield code="y">21st Century.</subfield>
  </datafield>
  <datafield tag="651" ind1=" " ind2="0">
   <subfield code="a">Middle East</subfield>
   <subfield code="x">Political Conditions.</subfield>
  </datafield>
  <datafield tag="651" ind1=" " ind2="4">
   <subfield code="a">Μέση Ανατολή</subfield>
   <subfield code="x">Διπλωματικές Σχέσεις</subfield>
   <subfield code="y">Τουρκία.</subfield>
  </datafield>
  <datafield tag="651" ind1=" " ind2="4">
   <subfield code="a">Ηνωμένες Πολιτείες Αμερικής</subfield>
   <subfield code="x">Διπλωματικές σχέσεις</subfield>
   <subfield code="y">21ος αιώνας.</subfield>
  </datafield>
  <datafield tag="651" ind1=" " ind2="4">
   <subfield code="a">Μέση Ανατολή</subfield>
   <subfield code="x">Πολιτικές συνθήκες</subfield>
   <subfield code="y">21ος αιώνας.</subfield>
  </datafield>
  <datafield tag="651" ind1=" " ind2="4">
   <subfield code="a">Μέση Ανατολή</subfield>
   <subfield code="x">Πολιτική και διακυβέρνηση</subfield>
   <subfield code="y">21ος αι.</subfield>
  </datafield>
  <datafield tag="830" ind1="0" ind2="0">
   <subfield code="a">Πολιτική.</subfield>
  </datafield>
  <datafield tag="852" ind1=" " ind2=" ">
   <subfield code="a">INST</subfield>
   <subfield code="b">UNIPILB</subfield>
   <subfield code="c">MAIN</subfield>
   <subfield code="e">20210429</subfield>
   <subfield code="h">303.625 ΛΥΓ</subfield>
   <subfield code="p">00175938</subfield>
   <subfield code="q">00175938</subfield>
   <subfield code="t">LOAN</subfield>
   <subfield code="y">0</subfield>
   <subfield code="4">1</subfield>
  </datafield>
  <datafield tag="960" ind1=" " ind2=" ">
   <subfield code="a">ΑΛΜΠΑΝΗ ΤΑΝΙΑ</subfield>
  </datafield>
 </record>
</collection>
